Teoría de la insignificancia

Saved in:
Bibliografiske detaljer
Hovedforfatter: Cornejo, Abel (Author)
Format: Bog
Sprog:spansk
Udgivet: Santa Fe Rubinzal-Culzoni 2006
Udgivelse:1a. ed
Fag:
Tags: Tilføj Tag
Ingen Tags, Vær først til at tagge denne postø!

MARC

LEADER 00000nam a2200000 a 4500
001 UCK8884
003 CL-VaPUC
008 060407e20060000AG |||||||||||||||||spa|d
020 |a 9507277064 
082 0 4 |a 345  |b COR  |2 21 
100 0 |a Cornejo, Abel  |e author  |9 498623 
245 1 0 |a Teoría de la insignificancia 
250 |a 1a. ed 
300 |a 109 p 
942 |c BK 
945 |d 20060407 00:00:00  |a jtorresc 
260 |a Santa Fe  |b Rubinzal-Culzoni  |c 2006 
650 7 |a INSIGNIFICANCIA  |2 CL-VaPUC  |9 498624 
650 7 |a DERECHO PENAL  |2 CL-VaPUC  |9 11 
650 0 |a Política  |9 255312 
583 |a last modification  |c 20060407 00:00:00  |k Rodrigo Vera 
999 |c 316286  |d 316284 
952 |0 0  |1 0  |4 0  |6 345_000000000000000_COR_2006  |7 0  |8 A  |9 390534  |a BIBDER  |b BIBDER  |d 2019-11-22  |i 4216385  |l 1  |m 2  |o 345 COR 2006  |p 4216385  |r 2024-07-08  |s 2024-06-17  |w 2019-11-22  |y BK  |k DER